Integrated management of networked systems concepts architectures and their operational application (Record no. 583198)

000 -LEADER
fixed length control field 00602nam a22001817a 4500
003 - CONTROL NUMBER IDENTIFIER
control field CEME
005 - DATE AND TIME OF LATEST TRANSACTION
control field 20210628210051.0
008 - FIXED-LENGTH DATA ELEMENTS--GENERAL INFORMATION
fixed length control field 210211b xxu||||| |||| 00| 0 eng d
020 ## - INTERNATIONAL STANDARD BOOK NUMBER
International Standard Book Number 1-55860-571-1
040 ## - CATALOGING SOURCE
Transcribing agency .
082 ## - DEWEY DECIMAL CLASSIFICATION NUMBER
Classification number 004. HEG
100 ## - MAIN ENTRY--PERSONAL NAME
Personal name Abeck, Sebastian Hegering, Heinz-Gerd Neumair, Bernhard
9 (RLIN) 78041
245 ## - TITLE STATEMENT
Title Integrated management of networked systems concepts architectures and their operational application
260 ## - PUBLICATION, DISTRIBUTION, ETC.
Place of publication, distribution, etc. SAN FRANCISCO
Name of publisher, distributor, etc. MORGAN KAUFMAN
Date of publication, distribution, etc. 1999
300 ## - PHYSICAL DESCRIPTION
Extent 655P
650 ## - SUBJECT ADDED ENTRY--TOPICAL TERM
Topical term or geographic name entry element COMPUTER NETWORK-MANAGEMENT COMPUTER NETWORK-ARHITECTURES
9 (RLIN) 78042
942 ## - ADDED ENTRY ELEMENTS (KOHA)
Koha item type Book
Source of classification or shelving scheme
Holdings
Withdrawn status Lost status Damaged status Not for loan Permanent Location Current Location Shelving location Date acquired Total Checkouts Full call number Barcode Date last seen Price effective from Koha item type
        College of Electrical & Mechanical Engineering (CEME) College of Electrical & Mechanical Engineering (CEME) General Stacks 06/13/2017   004. HEG CEME-33499 06/28/2021 06/28/2021 Book
© 2023 Central Library, National University of Sciences and Technology. All Rights Reserved.